Länder nach Bild #3 - Statistiken

Allgemein
  • Dieses Quiz wurde 9.256 mal gespielt
  • Das Durchschnittsergebnis liegt bei 9 aus 15
Antwortstatistiken
Bildquiz Antwort % Korrekt
Vereinigte Staaten
90%
Frankreich
88%
Niederlande
88%
Spanien
84%
Vatikanstadt
74%
Tansania / Kenia
72%
Österreich
67%
Ungarn
56%
Kuba
55%
Jordanien
54%
Irland
51%
Kroatien
48%
Taiwan
44%
Iran
39%
Argentinien
38%
Keine übereinstimmenden Quizze gefunden
Verteilung der Resultate
Anzahl Personen mit jedem Resultat
Perzentil nach korrekt beantworteten Fragen
Ihre Resultats-Entwicklung
Sie haben dieses Quiz noch nicht gespielt